Datum a čas kvízu

23.5 Celkem bodů Celkový počet nahraných bodů na tomto kvízu bez doplňovacích otázek.
8. Pořadí na kvízu Konečné umístění týmu na tomto kvízu.

Zaznamenané odpovědi

# Otázka Odpověď Body Výsledky
1. Která česká celebrita se v pát... Agáta Hanychová 1
2. Královna které evropské země o... Dánska 1
3. Streamovací kanál Netflix zveř... Petr Nárožný, Rebel Moon (První část - Zrozená z ohně) 0.5
4. Který výrobce smartphonů předs... Xiaomi 0
5. Spenglerův pohár je nejstarším... HC Davos, HC Dynamo Pardubice 0
6. Koaly, netopýry nebo lenochody... B 1
7. Nacházíte se mezi spánkem a bd... spánková paralýza 0
8. Uznávaný neurovědec Matthew Wa... Proč spíme 0
9. I v České republice přibývá li... 1-D, 2-B, 3-A, 4-C 0
10. Insomnií neboli nespavostí trp... závislost na telefonu / strach, že ho nebudu mít u sebe 1